|
|
|
|
| LEADER |
00609cam a2200193 7i4500 |
| 001 |
0000015063 |
| 005 |
20050228090000.0 |
| 090 |
0 |
0 |
|a I 332.153205
|b WOR
|
| 245 |
0 |
4 |
|a The World Bank annual report :
|b 2004.
|
| 260 |
0 |
0 |
|a [S.l]:
|b The World Bank,
|c 2004.
|
| 300 |
# |
# |
|a 121 p.
|
| 500 |
0 |
0 |
|a Volume 1 : Year in review
|
| 650 |
0 |
0 |
|a Economics
|
| 650 |
0 |
0 |
|a World Bank
|
| 650 |
0 |
0 |
|a Bank and banking, international
|
| 650 |
0 |
0 |
|a Economic assistance
|
| 650 |
0 |
0 |
|a Multilateral Investment Guarantee Agency
|
| 650 |
0 |
0 |
|a International Finance Corporation
|
| 999 |
|
|
|a 0000016703
|b Book
|c International
|e Business Information Centre
|